000 00571nam a2200217Ia 4500
003 OSt
005 20221007082928.0
006 a|||||r|||| 00| 0
007 ta
008 221006b |||||||| |||| 00| 0 eng d
024 _a41,503
037 _cDissertations
040 _aFLL
_cFLL
_beng
041 _2eng
_aeng
100 _aChawla Meenal
_9699833
245 0 _aRight to education
_b with special reference to women's access to education
260 _c2013
300 _ad.p.
_ccm.
942 _cDIS
_2CC
999 _c1168200
_d1168200